00265nam a2200097Ia 4500008004100000082001600041100001600057245002200073260005500095300001700150230907s9999||||xx |||||||||||||| ||und|| a500.82bBAR aBarr, Jean, 0aCommon science? : aIndiana University Press,bBloomington, In :c1998 avii 165 p. ;